| 000 | 00786nam a2200217 a 4500 | ||
|---|---|---|---|
| 001 | 63517 | ||
| 003 | BD-RjUL | ||
| 005 | 20211209081215.0 | ||
| 008 | 170130s1995 bg ||||| |||| 00| 0 ben d | ||
| 035 | _a(BD-RjUL)63646 | ||
| 040 |
_aBD-RjUL _bben _cBD-RjUL _dBD-RjUL |
||
| 041 | _aben | ||
| 082 |
_223 _a891.441 _bFAO 1995 |
||
| 100 |
_aফারুক, সৈয়দ ওমর _9188844 |
||
| 245 | 1 | 0 |
_aঅনন্তের জাগ্রত অন্তর / _cসৈয়দ ওমর ফারুক |
| 260 |
_aবাগেরহাট : _bমোরশেদ পাবলিকেশনস্, _c১৯৯৫ |
||
| 300 |
_a৭৯ পৃ. ; _c২৩ সেমি. |
||
| 650 |
_aবাংলা কবিতা _9179513 |
||
| 650 |
_aBengali Poetry _9179514 |
||
| 942 |
_2ddc _cBK |
||
| 999 |
_c63517 _d63517 |
||